000 00795nam a2200241Ia 4500
008 160319s9999 xx 000 0 und d
245 _aIsrael & Palestine the roots of conflict ;
245 _bthe fight for peace /
245 _cDiscovery Channel School.
260 _aPhilippines:
260 _bDistributed by Magnavision Home Video/Discovery Communications, Inc.
260 _c2004
300 _a2 videodiscs (approximately 104 minutes) :
300 _bdigital, sound, color ;
300 _c4 3/4 in.
440 _aDiscovery Channel School.
650 _aArab-Israeli conflict --
650 _aJewish-Arab relations --
650 _xJuvenile literature.
650 _xJuvenile literature.
700 _aFight for peace, Title.
700 _aRoots of conflict, title.
999 _c292426
_d292426